Checkmate-Conan Gray Lyrics - Statistics

General Stats
  • This quiz has been taken 755 times
  • The average score is 27 of 37
Answer Stats
Hint Answer % Correct
You think you're _____ _____? funny right
95%
Calling me _____ when it's too ____ at night drunk, late
93%
Yeah, ___ think you're _____ right you, funny
93%
Yeah you may think you're winning but _________ checkmate
89%
But you aren't gonna win it 'cause _________ checkmate
89%
Baby this is _______ fun getting
88%
So cry me a _____ till you _____ in the lake river, drown
88%
'Cause I've gotten _____ of the _____ that you play tired, games
88%
When you tell me you ____ me then you _____ me away love, throw
87%
'Cause you may think you're _______ but _________ winning, checkmate
87%
Telling me ______ that you know all are ____ truths, lies
86%
You think you're _____ ___ super sly
84%
I'll let you think you ___ won
84%
________ with them but telling me you're ____ Flirting, mine
83%
Holding your ____ but in the _____ one hand, other
83%
I'm holding a ______ ___ loaded gun
83%
You said that I'm the ____ one you ____ only, love
83%
Now this is _______ ___ getting fun
82%
Now I'm gonna ____ your ____ ruin, life
81%
Yeah baby you ______ really ___ should, run
80%
Date in the ____ I'll play it super ____ park, dumb
78%
I saw you _______ someone else's ______ kissing, tongue
77%
CHORUS- type in "chorus" chorus
73%
CHORUS- type in "chorus" chorus
73%
_______ me up, but _________ you lied Building, buttercup
70%
Just ____ you did to my _____ like, heart
69%
Set fire to your ____ lawn
65%
Can't ____ me like your ____ play, pawn
57%
And I'mma _____ your ___ (and I'mma _____ your ___) wreck, car
54%
And you did some ______ so I'm ______ you pay damage, making
50%
Yeah you may think you're _______ this _____break winning, heart
46%
You're gonna ____ you never ______ me wish, harmed
46%
A _____ on the large (a _____ on the large) lover
44%
And I'm gonna ___ ___ ____ get you gone
43%
And no one's ____ gonna love you _______ ever, anyways
42%
And max your ______ _____ (and max your ______ _____) credit cards
41%
'Cause you're just a __________ who's _______ fake narcissist, totally
41%
No matching quizzes found
Score Distribution
Percent of People with Each Score
Percentile by Number Answered
Your Score History
You have not taken this quiz